| 000 | 00358nam a2200157Ia 4500 | ||
|---|---|---|---|
| 008 | 210210b1938 xxu||||| |||| 00| 0 eng d | ||
| 041 | _aeng | ||
| 082 | _a829/1378 | ||
| 100 | _aYOUNG (F B) | ||
| 245 | _aBlack diamond | ||
| 260 |
_aEngland _bPenguin Books _c1938 |
||
| 650 | _adiamond | ||
| 650 | _aBlack | ||
| 690 | _aEnglish Fiction | ||
| 906 | _a017987 | ||
| 999 |
_c137882 _d137882 |
||